书目信息 |
| 题名: |
中国宏观经济运行报告
|
|
| 作者: | 刘迎秋 , 吕风勇 主编 | |
| 分册: | 2013~2014 | |
| 出版信息: | 北京 社会科学文献出版社 2013 |
|
| 页数: | 241页 | |
| 开本: | 24cm | |
| 丛书名: | ||
| 单 册: | ||
| 中图分类: | F123.16 | |
| 科图分类: | ||
| 主题词: | 宏观经济运行--研究报告--中国--2013-2014 , 宏观经济运行 | |
| 电子资源: | ||
| ISBN: | 978-7-5097-5310-1 | |
| 000 | 01257nam0 2200277 450 | |
| 001 | 523 | |
| 005 | 20140908151652.45 | |
| 010 | @a978-7-5097-5310-1@dCNY69.00 | |
| 100 | @a20140113d2013 em y0chiy50 ea | |
| 101 | 0 | @achi |
| 102 | @aCN@b110000 | |
| 105 | @ay z 000yy | |
| 106 | @ar | |
| 200 | 1 | @a中国宏观经济运行报告@AZhong Guo Hong Guan Jing Ji Yun Xing Bao Gao@h2013~2014@dAnalysis and forecast of macroeconomic performance of China@h2013-2014@f刘迎秋,吕风勇主编@FLiu Ying Qiu, Lu^ Feng Yong Zhu Bian@zeng |
| 210 | @a北京@c社会科学文献出版社@d2013 | |
| 215 | @a241页@d24cm | |
| 300 | @a中国社会科学院财经战略研究院报告 中国社会科学院创新工程学术出版资助项目 | |
| 330 | @a本书是中国社会科学院财经战略研究院宏观经济课题组的年度研究报告,专注于对中国宏观经济运行状况的跟踪研究,探讨一定时期影响经济运行的主要矛盾和问题,并在此基础上对中国经济未来趋势进行分析和预测。 | |
| 510 | 1 | @aAnalysis and forecast of macroeconomic performance of China@h2013-2014@zeng |
| 606 | 0 | @a宏观经济运行@x研究报告@y中国@z2013-2014 |
| 606 | 0 | @a宏观经济运行 |
| 690 | @aF123.16@v5 | |
| 701 | 0 | @a刘迎秋@ALiu Ying Qiu@f(1950~)@4主编 |
| 701 | 0 | @a吕风勇@ALu^ Feng Yong@f(1975~)@4主编 |
| 801 | 0 | @aCN@bTANGWEI@c20140603 |
| 905 | @b0838219-21@dF123.16@e244@f3 | |
| 中国宏观经济运行报告.2013~2014=Analysis and forecast of macroeconomic performance of China.2013-2014/刘迎秋,吕风勇主编.-北京:社会科学文献出版社,2013 |
| 241页;24cm |
| 中国社会科学院财经战略研究院报告 中国社会科学院创新工程学术出版资助项目 |
| ISBN 978-7-5097-5310-1:CNY69.00 |
| 本书是中国社会科学院财经战略研究院宏观经济课题组的年度研究报告,专注于对中国宏观经济运行状况的跟踪研究,探讨一定时期影响经济运行的主要矛盾和问题,并在此基础上对中国经济未来趋势进行分析和预测。 |
| ● |
| 相关链接 |
|
|
|
|
正题名:中国宏观经济运行报告
索取号:F123.16/244
 
预约/预借
| 序号 | 登录号 | 条形码 | 馆藏地/架位号 | 状态 | 备注 |
| 1 | 0838219 | 208382196 | 第一样本阅览室/ [索取号:F123.16/244] | 在馆 | |
| 2 | 0838220 | 208382203 | 密集书库-海洋学院/ [索取号:F123.16/244] | 在馆 | |
| 3 | 0838221 | 208382212 | 第一借阅区/ [索取号:F123.16/244] | 在馆 |